| 000 | 00946 a2200253 4500 | ||
|---|---|---|---|
| 005 | 20260317101254.0 | ||
| 020 | _a9781032105666 | ||
| 050 |
_aBF76.5 _bCOO 2024 |
||
| 100 |
_aCoolican,Hugh _eauthor |
||
| 245 |
_aResearch methods and statistics in psychology / _cHugh Coolican |
||
| 250 | _aeighth edition | ||
| 264 |
_aOxon : _bRoutledge, _c2024 |
||
| 300 |
_a851 pages _billustrations |
||
| 336 |
_2rdacontent _atext _btxt |
||
| 337 |
_2rdamedia _aunmediated _bn |
||
| 338 |
_2rdacarrier _avolume _bnc |
||
| 440 | _aSAGE foundations of psychology. | ||
| 504 | _aIncludes bibliographical references and index | ||
| 505 | _a. | ||
| 520 | _aA comprehensive introduction to both quantitative and qualitative research methodologies in Psychology, the book guides readers through every step of the research process | ||
| 650 |
_aPsychology--Research _xMethodology |
||
| 650 | _aPsychometrics | ||
| 942 |
_2lcc _cBK _eeighth edition _h76.5 _iCOO _kBF |
||
| 999 |
_c11730 _d11730 |
||